| 000 | 00534nam a2200181Ia 4500 | ||
|---|---|---|---|
| 003 | OSt | ||
| 005 | 20260128105752.0 | ||
| 008 | 210210b1965 xxu||||| |||| 00| 0 eng d | ||
| 040 | _cAL | ||
| 041 | _aKannada | ||
| 082 | _a854/30 | ||
| 100 |
_aUPADHYE (A N) _9162532 _dಉಪಾಧ್ಯೆ (ಎ ಎನ್) |
||
| 245 |
_aPali mattu prakrata: _bಪಾಲಿ ಮತ್ತು ಪ್ರಾಕೃತ |
||
| 260 |
_aMaisuru _bMaisuru Vishvavidyanilaya _c1965 |
||
| 690 |
_aKannada Criticism _9162533 |
||
| 906 | _a019881 | ||
| 942 |
_2ddc _cBK |
||
| 999 |
_c144031 _d144031 |
||